Advanced Airplane Quiz - Statistics

General Stats
  • This quiz has been taken 1,699 times
  • The average score is 14 of 50
Answer Stats
Hint Answer % Correct
How many different engine options are offered on te a320 neo? 2
62%
Airline that has the most a380s on order Emirates
61%
Airbus' smallest commercial aircraft a318
57%
Largest cargo aircraft in the world an-225
55%
Makers of the "Trent" series of aircraft engines Rolls Royce
54%
This american airline flys exclusively 737s Southwest
53%
Embraer is based out of which country? Brazil
48%
What does "ER" stand for in planes such as the 737-900er? Extended Range
48%
Plane infamouse for blown cargo doors DC-10
46%
Boeing airctaft have pilots use a center mounted _____ to steer the aircraft yoke
45%
Longest aircraft in the world 747-8
44%
Shortest type of 747: 747 __ SP
44%
A stick shaker shakes when a plane is about to ______ stall
44%
Launch customer of the 777 United
39%
First widebody twinjet a300
38%
Airbus aircraft have pilots use a side-mounted _____ to steer the aircraft joystick
38%
If you were flying at 35,000 feet, a pilot would call this "flight level_____: (please type out the numbers in words) Three Five Zero
38%
As a response to the 707, McDonnell Douglas created the...... DC-8
36%
This plane went out of production after exactly 1050 were sold 757
32%
Last commercial aircraft built by Lockheed L-1011
32%
which russian aircraft manufacturer created the "superjet"? Sukhoi
31%
Smallest member of the next generation 737 series 737-700
30%
finish the sentence: "If it aint Boeing.... I aint going"
30%
Airplane manufacturer that initially designed the 717 McDonnell Douglas
28%
Name of Chinese commercial airplane manufacturer Comac
26%
Largest aircraft in the bombardier "crj" series CRJ-1000
26%
What does CRJ stand for? Canadair Regional Jet
23%
Longest Range Boeing aircraft 777-200LR
21%
Only major airline that still flies only sovier-era russian aircraft Air Koryo
21%
British Aerospace's 4 engined aircraft: BAe-146
20%
Newest series of aircraft from Bombardier C Series
20%
largest aircraft designed by embraer E-195
20%
Launch customer for the a350 Qatar Airways
20%
The Paris Airshow and the ______ Airshow alternate years as the premier airshow in aviation Farnborough
18%
Engine distintly recognizable for its flat bottom on 737s CFM 56
17%
First production jet airliner De Havilland Comet
16%
Ilyushin aircraft with 4 aft-mounted engines Il-62
16%
number of composite fan blades that will make up the GE9X 16
15%
American city where an a320 plant is located mobile
15%
Makers of the geared turbofan Pratt and Whitney
15%
Longest range Airbus aircraft a340-500
13%
AKA "Brazillia" (hint: embraer) EMB 120
13%
Exclusive powerplant for the a350 Trent XWB
12%
First airline to fly the 787-9 Air New Zealand
11%
What future plane by boeing is meant to be a direct replacement for the 747? 777-9X
9%
General Electric powerplant used on the 767: CF6
9%
Powerplant for the 777-300er GE90-115B
9%
What type of wingtip is used on the 787? raked wingtip
8%
The 3 airlines to ever operate the concorde were british airways, air france, and _____ Singapore Airways
5%
the proposed boeing 2707 was also referred to as the ____ _____ Sonic Cruiser
2%
No matching quizzes found
Score Distribution
Percent of People with Each Score
Percentile by Number Answered
Your Score History
You have not taken this quiz